NHK紅白歌合戦 歌手出場回数トップ30 - Statistics

General Stats
  • This quiz has been taken 536 times
  • The average score is 13 of 55
Answer Stats
出場回数 Answer % Correct
51回 北島三郎
74%
45回 石川さゆり
71%
23回 SMAP
62%
34回 坂本冬美
53%
27回 天童よしみ
53%
34回 小林幸子
52%
39回 和田アキ子
51%
35回 郷ひろみ
51%
50回 五木ひろし
50%
23回 氷川きよし
50%
18回 美空ひばり
50%
15回 福山雅治
47%
24回 TOKIO
41%
24回 松田聖子
40%
40回 細川たかし
38%
48回 森進一
36%
26回 美川憲一
28%
20回 水森かおり
28%
15回 Perfume
26%
21回 さだまさし
20%
23回 八代亜紀
19%
29回 都はるみ
18%
18回 西城秀樹
18%
18回 加山雄三
18%
16回 吉幾三
18%
35回 島倉千代子
16%
22回 伍代夏子
15%
20回 鳥羽一郎
15%
15回 浜崎あゆみ
15%
15回 森昌子
14%
21回 藤あや子
13%
29回 前川清
12%
15回 DREAMS COME TRUE
11%
25回 布施明
10%
22回 水前寺清子
10%
19回 橋幸夫
10%
19回 谷村新司
10%
31回 三波春夫
9%
17回 沢田研二
9%
24回 川中美幸
8%
27回 村田英雄
7%
16回 千昌夫
7%
23回 由紀さおり
6%
19回 香西かおり
6%
26回 フランク永井
5%
20回 堀内孝雄
5%
16回 江利チエミ
5%
18回 小柳ルミ子
4%
16回 ザ・ピーナッツ
4%
15回 越路吹雪
4%
22回 菅原洋一
3%
21回 春日八郎
3%
18回 青江三奈
3%
15回 中村美律子
3%
15回 ダーク・ダックス
1%
No matching quizzes found
Score Distribution
Percent of People with Each Score
Percentile by Number Answered
Your Score History
You have not taken this quiz